MARC details
| 000 -LEADER |
| campo de control de longitud fija |
02285nam a2200289 i 4500 |
| 001 - NÚMERO DE CONTROL |
| campo de control |
160139 |
| 003 - IDENTIFICADOR DE NÚMERO DE CONTROL |
| campo de control |
ES-MaACL |
| 005 - FECHA Y HORA DE LA ÚLTIMA TRANSACCIÓN |
| campo de control |
20250816091142.0 |
| 008 - DATOS DE LONGITUD FIJA--INFORMACIÓN GENERAL |
| campo de control de longitud fija |
050721m17681779fr af |||| | fre d |
| 040 ## - FUENTE DE CATALOGACIÓN |
| Centro catalogador/agencia de origen |
CAM |
| Lengua de catalogación |
spa |
| Centro/agencia transcriptor |
CAM |
| 100 1# - ENTRADA PRINCIPAL--NOMBRE DE PERSONA |
| Nombre de persona |
Morand, Jean-François-Clément, |
| Fechas asociadas al nombre |
1726-1784 |
| 9 (RLIN) |
153967 |
| 245 12 - MENCIÓN DEL TÍTULO |
| Título |
L'art d'exploiter les mines de charbon de terre / |
| Mención de responsabilidad, etc. |
par M. Morand. |
| 260 ## - PUBLICACIÓN, DISTRIBUCIÓN, ETC. |
| Lugar de publicación, distribución, etc. |
[Paris : |
| Nombre del editor, distribuidor, etc. |
Saillant, Nyon et Desaint], |
| Fecha de publicación, distribución, etc. |
1768-1779. |
| 300 ## - DESCRIPCIÓN FÍSICA |
| Extensión |
6 v. : |
| Otras características físicas |
il. ; |
| Dimensiones |
Fol. (44 cm) |
| 490 1# - MENCIÓN DE SERIE |
| Mención de serie |
Descriptions des arts et métiers faites ou approuvées par Messieurs de l'Académie Royale des Sciences |
| 505 8# - NOTA DE CONTENIDO CON FORMATO |
| Nota de contenido con formato |
Contiene: Première partie ; |
| Título |
Du charbon de terre (XVIII, 196 p., XIII h. de lám.) - Partie 2, Sections 1-3 ; |
| -- |
De l'extraction, de l'usage et du commerce du charbon de terre ([2], 167-460 p., XIV-XXXVI h. de lám.), 1773 - ; |
| -- |
Explotation, commerce et usage du charbon de terre en France: IIIe section ([2], 461-725 p., XXXVII-LIII h. de lám.), 1774 - Part. 2, 4e sect ; |
| -- |
Essai de théorie-pratique sur l'art d'exploiter les mines ou carrières de charbon de terre et sur les différentes manieres d'employer ce fossile pour les manufectures, atteliers et usages domestiques ([2], 727-1114 p., LIV-LV h. de lám.), 1776 - Part. 2, suite de la 4e sect ; |
| -- |
Essai de théorie pratique sur les différentes manières d'employer le charbon de terre... ([2], XIII, 1115-1356, (44) p., LVII-LVIII* h. de grab.), 1777 - [Part. 3] ; |
| -- |
Table des matières... Explication des planches... et Additions et corrections (II, 1357-1612 p., [1] h. de lám. (LVIII**), 1779 |
| 530 ## - NOTA DISPONIBLE DE FORMULARIO FÍSICO ADICIONAL |
| Nota de formato físico adicional disponible |
Disponible en formato digital. |
| 596 ## - NOTA AL PIE DE IMPRENTA |
| NOTA AL PIE DE IMPRENTA |
Cada parte con portadilla propia. |
| 599 ## - NOTA A LAS ILUSTRACIONES |
| NOTA A LAS ILUSTRACIONES |
Las h. de lám. calc., de diferentes autores. |
| 650 #4 - PUNTO DE ACCESO ADICIONAL DE MATERIA--TÉRMINO DE MATERIA |
| Término de materia o nombre geográfico como elemento de entrada |
Carbón- |
| Subdivisión de forma |
Obras anteriores a 1800. |
| 9 (RLIN) |
153958 |
| 830 00 - PUNTO DE ACCESO ADICIONAL DE SERIE-TÍTULO UNIFORME |
| Título uniforme |
Descriptions des arts et métiers |
| 9 (RLIN) |
241750 |
| 852 ## - LOCALIZACIÓN |
| Ubicación |
ES-MaACL |
| Número de control de estantería |
R-32-37 |
| Nota libre |
- Enc. hol. |
| Encuadernación |
Olim: C-10827-70 |
| 856 ## - LOCALIZACIÓN Y ACCESO ELECTRÓNICOS |
| Identificador Uniforme de Recursos |
<a href="http://gallica.bnf.fr/ark:/12148/bpt6k10676462/f17.image ">http://gallica.bnf.fr/ark:/12148/bpt6k10676462/f17.image </a> |
| Nota pública |
BNF-Gallica (parte 1; parte 2, sec. 1-3) |
| 856 ## - LOCALIZACIÓN Y ACCESO ELECTRÓNICOS |
| Identificador Uniforme de Recursos |
<a href="http://gallica.bnf.fr/ark:/12148/bpt6k1069694r?rk=85837;2 ">http://gallica.bnf.fr/ark:/12148/bpt6k1069694r?rk=85837;2 </a> |
| Nota pública |
BNF-Gallica (parte 2, sec. 4) |
| 856 ## - LOCALIZACIÓN Y ACCESO ELECTRÓNICOS |
| Identificador Uniforme de Recursos |
<a href="http://gallica.bnf.fr/ark:/12148/bpt6k1069696k?rk=107296;4 ">http://gallica.bnf.fr/ark:/12148/bpt6k1069696k?rk=107296;4 </a> |
| Nota pública |
BNF-Gallica (parte 3) |